000 005080000a22001930004500
001 004197
003 MACL
005 20150915135902.0
008 150915b xxu||||| |||| 00| 0 eng d
040 _aMACL
_cMACL
041 _aEnglish
082 _a823/JAI
100 _aJaitly, Jaya
_97708
245 _aVisvakarma's Children
_bStories Of India's Craftspeople
_cJaya Jaitly
260 _aNew Delhi
_c2001
_bConcept Publishing Company,
350 _a250
650 _aFiction
_911132
942 _k823
_cBK
_2ddc
999 _c16088
_d16088